000 00737nam a2200205 a 4500
003 0
005 20250312192951.0
008 080724s19uu xx 00 eng d
050 _aPGS TX 551
_b.C545 2008
100 _aChoi, Aaron Gabriel Mayo.
245 _aCalories in milk chocolate bars /
_cAaron Gabriel Mayo Choi.
260 _aLas PiƱas City, Philippines :
_bSouthville International School and Colleges,
_c2008.
300 _a27 pages :
_billustrations ;
_c28 cm.
504 _aIncludes bibliographic references.
650 _aMilk chocolate
_vNutritional aspects.
650 _aChocolate bars
_vCalories.
650 _aFood
_vCaloric content.
650 _aNutritional value of confectionery.
942 _2lcc
_cPASS
999 _c97920
_d97920